000 00518nam a2200193Ia 4500
005 20250508153001.0
008 008 250505s9999 xx 000 0 eng d
037 _aTextual
040 _aFEDL
_beng
_cFEDL
041 _aeng
_2eng
084 _a372.83, BRI
_qFEDL
100 _aBriggs Henry
_9762913
245 0 _aHow coal is won
260 _aLondon, UK
_bThomas Nelson and Sons Ltd
300 _a80p.
490 _aRead and remember
942 _cTEXL
_h372.83, BRI
999 _c1339989
_d1339989